Delitos informáticos y cibercriminalidad, Aspectos sustantivos y procesales.
Saved in:
| Hovedforfatter: | |
|---|---|
| Andre forfattere: | , |
| Format: | Bog |
| Udgivet: |
Buenos Aires, Argentina ; Montevideo, Uruguay,
Euro Editores ; B de F Ltda.,
2024.
|
| Serier: | Actualidad Criminológica y Penal
|
| Fag: | |
| Tags: |
Tilføj Tag
Ingen Tags, Vær først til at tagge denne postø!
|
MARC
| LEADER | 00000nam a22000007a 4500 | ||
|---|---|---|---|
| 003 | CL-VaPUC | ||
| 005 | 20240411114229.0 | ||
| 008 | 240320t2024 ||||| |||| 00| 0 eng d | ||
| 999 | |c 443282 |d 443280 | ||
| 020 | |a 978-9915-684-00-0 | ||
| 040 | |c Pontificia Universidad Católica de Valparaíso | ||
| 082 | 0 | 4 | |2 22 |a 364.168 MAY 2024 |
| 100 | 1 | |a Mayer Lux, Laura Viviana |9 864015 |e autora | |
| 245 | 1 | 0 | |a Delitos informáticos y cibercriminalidad, |b Aspectos sustantivos y procesales. |
| 260 | |a Buenos Aires, Argentina ; |a Montevideo, Uruguay, |b Euro Editores ; |b B de F Ltda., |c 2024. | ||
| 300 | |a 413 páginas. | ||
| 490 | 0 | |a Actualidad Criminológica y Penal |n 15. | |
| 500 | |a c.1-2 Donación Jaime Vera Vega. Memo N° 10. 18/03/2024. | ||
| 583 | |c 20240320 |k Catalogador Asistente | ||
| 650 | 1 | 0 | |a Delitos informáticos |9 371882 |
| 650 | 1 | |a Derecho informático |9 371884 | |
| 650 | 1 | |a Derecho procesal penal |9 888159 | |
| 700 | |a Vera Vega, Jaime Andrés |9 598955 |e autor | ||
| 700 | |a Miró, Fernando |e prólogo |9 887846 | ||
| 942 | |2 ddc |c BK | ||
| 952 | |0 0 |1 0 |2 ddc |4 0 |6 364_168000000000000_MAY_2024 |7 0 |8 A |9 593770 |a BIBDER |b BIBDER |d 2024-03-20 |e Donación |i 5660403 |l 16 |m 8 |o 364.168 MAY 2024 |p 5660403 |q 2025-05-13 |r 2025-04-22 |s 2025-04-22 |t 1 |w 2024-03-20 |y BK |k DER | ||
| 952 | |0 0 |1 0 |2 ddc |4 0 |5 3 |6 364_168000000000000_MAY_2024 |7 4 |8 C_LRYV |9 593771 |a BIBDER |b BIBDER |d 2024-03-20 |e Donación |i 5660404 |l 2 |o 364.168 MAY 2024 |p 5660404 |r 2024-11-11 |s 2024-11-11 |t 2 |w 2024-03-20 |y BK_X |k DER | ||